000 00396nam a22001697a 4500
003 MPLRDC
005 20220104143934.0
008 210129b ||||| |||| 00| 0 eng d
082 _a848.3 YS v.114 c.2
100 _a亦舒著
245 _a男男女女
_c
250 _a初版
260 _a
_b天地图书有限公司
_c1990
300 _b
650 _a
942 _cBK
_o848.3 YS v.114 c.2
999 _c44832
_d44822